| 000 | 00797nam a22002057a 4500 | ||
|---|---|---|---|
| 003 | BUBTL | ||
| 008 | 220423b ||||| |||| 00| 0 eng d | ||
| 020 | _a98484701802 | ||
| 082 | _a345.05/ H929c/ 2020 | ||
| 100 |
_94554 _aহক, জহিরুল |
||
| 245 |
_aফেীজদারী কার্যবিধি ( Law and Practice of Criminal Procedure Act V of 1898) / _cজহিরুল হক |
||
| 250 | _a8th Edn. | ||
| 260 |
_aঢাকা: _bবাংলাদেশ ল’ বুক কোম্পানী, _cc2020 |
||
| 300 |
_aLvi,1111 p.: _c22 cm. |
||
| 505 | _aফেীজদারী কার্যবিধি, Criminal Procedure, Act V of 1898 | ||
| 650 | 0 |
_926 _aLaw |
|
| 856 |
_k0 _l0 _yDownload |
||
| 942 |
_2ddc _cBK |
||
| 999 |
_c6690 _d6690 |
||